| 000 | 00707nam a22002177a 4500 | ||
|---|---|---|---|
| 005 | 20150522033751.0 | ||
| 008 | 010829s2001 ja b i001 0 eng | ||
| 020 | _a9280810731 | ||
| 024 | 0 | _ceng | |
| 080 | _a336 | ||
| 245 | 0 | 0 |
_aFinancing for development : _cedited by Barry Herman, Federica Pietracci, and Krishnan Sharma. |
| 260 |
_aTokyo ; _aNew York : _bUnited Nations University Press, _c2001. |
||
| 300 |
_a181 f. ; _c23 cm. |
||
| 504 | _aIncludes bibliographical references and index. | ||
| 650 | 0 | _aZhvillimi Ekonomik | |
| 700 | 1 | _aHerman, Barry. | |
| 700 | 1 | _aPietracci, Federica. | |
| 700 | 1 | _aSharma, Krishnan. | |
| 942 |
_2udc _cBK |
||
| 999 |
_c443 _d443 |
||